02074cam0a2200433 450000100060000000300300000600500170003601000250005303300510007803500220012903500400015107300180019110000410020910100080025010200070025810500180026518100250028318100200030818200210032818200110034918300270036020001310038721400350051821400150055321500190056821500100058722500350059732100530063232300190068533006800070433300250138441000320140960800520144161000380149370000220153170000190155380100300157280100380160213995http://www.sudoc.fr/26754564920260113154406.0 a9782957958122d5 EUR ahttp://catalogue.bnf.fr/ark:/12148/cb47177373s a(OCoLC)1389839130 aFRBNF47177373000000XzFRBNF47177373 0a9782957958122 a20230208d2022 m y0frey50 ba0 afre aFR ay ||||000by 6z01ctxt2rdacontent 16z01ai#bxxxe## 6z01cn2rdamedia 16z01an 16z01anga2RDAfrCarrier1 a˜Les œeaux profondeseune commande de La Maison Théâtre dans le cadre du projet "Dans la cour de notre mythologie"bLIVR 0cLa Maison ThéâtredDL 2022 0aStrasbourg a1 vol. (49 p.) d21 cm1 a˜Les œcahiers théâtrev3 aLa Revue des livres pour enfantsc329x0398-8384 a10 personnages aUn jour de pluie, une fille s’apprête à naître dans une famille de trois garçons : Alex, Bart et César — les ABC. Le prénom que veut lui donner son père doit prolonger la liste alphabétique, mais la mère choisit d’appeler son enfant Alma. Ligne de faille qui ne cessera de s’élargir au fil des années pour le père, prompt à dévorer son entourage. Esquisse d’un nouvel horizon pour tous les enfants du quartier arrivés à l’adolescence. En s’inspirant du mythe de Cronos, Céline BERNARD nous livre une histoire envoûtante racontée par un chœur d’adolescent·e·s prêt·e·s à plonger dans le grand fleuve de leur vie. aÀ partir de 13 ans t˜Les œcahiers théâtre 3027824063aThéâtre pour la jeunesse2rameau ajeunesseaadolescenceamythologie 1aBernardbCéline 131961704004070 3aFRbAbesc20251105gAFNOR 0aFRbFR-751131015c20230130gAFNOR